01198cam a22002771 4500001001300000003000400013005001700017007001500034008004100049010001700090035002000107040004100127050002300168051001800191100004700209245007400256260004400330300006300374440005300437501019800490530006900688650003100757710006400788856005100852999001700903gs 21000181 DLC20260227111325.0cr_|||||||||||841001s1920 dcuabf f000 0 eng c ags 21000181  a(OCoLC)11216071 aU.S. Geol. survey. LibrarycCLSdDLC00aTC801b.U2 no. 449 aGB1025.C8bW31 aWaring, Gerald A.q(Gerald Ashley),d1883-10aGround water in the Meriden area, Connecticut /cby Gerald A. Waring. aWashington :bGovt. Print. Off.,c1920. a83 p., VII plates :bfold. maps, tables, diagrs. ;c23 cm. 0aU.S. Geological Survey water-supply paper ;v449 aTC801.U2 no. 449 with: Surface water supply of the Pacific slope of southern California / by H.D. McGlashan. Washington : Govt. print off., 1921. Bound together subsequent to publication.5DLC aAlso available in digital form on the Internet Archive Web site. 0aWater-supplyzConnecticut.2 aState Geological and Natural History Survey of Connecticut.41uhttp://hdl.loc.gov/loc.gdc/scd0001.00199536643 c26088d26088